[Event "WCO2014"]
[Site "Tromso"]
[Date "2014.08.09"]
[Round "7.38"]
[WhiteID "4303431"]
[White "Li Zuhao Luke"]
[BlackID "1300113"]
[Black "Georgiadis Nico"]
[Result "0-1"]
[LiveChessVersion "1.4.3"]
[BlackElo "2448"]
[WhiteElo "2365"]

1. d4 {[%clk 1:30:31]} d5 {[%clk 1:30:53]} 2. c4 {[%clk 1:30:58]} e6
{[%clk 1:30:59]} 3. Nf3 {[%clk 1:30:46]} c5 {[%clk 1:31:00]} 4. cxd5
{[%clk 1:30:38]} exd5 {[%clk 1:31:22]} 5. g3 {[%clk 1:30:41]} Nc6
{[%clk 1:31:37]} 6. Bg2 {[%clk 1:30:59]} Nf6 {[%clk 1:31:56]} 7. O-O
{[%clk 1:31:21]} Be7 {[%clk 1:32:15]} 8. dxc5 {[%clk 1:31:23]} Bxc5
{[%clk 1:32:33]} 9. a3 {[%clk 1:30:47]} Ne4 {[%clk 1:32:13]} 10. b4
{[%clk 1:28:46]} Be7 {[%clk 1:19:35]} 11. Bb2 {[%clk 1:26:21]} Bf6
{[%clk 1:17:16]} 12. Bxf6 {[%clk 1:16:25]} Qxf6 {[%clk 1:15:48]} 13. Ra2
{[%clk 1:12:14]} O-O {[%clk 1:15:08]} 14. Rc2 {[%clk 1:09:51]} Be6
{[%clk 0:59:39]} 15. b5 {[%clk 1:01:07]} Ne5 {[%clk 0:58:31]} 16. Nd4
{[%clk 0:59:31]} Rac8 {[%clk 0:41:48]} 17. Nxe6 {[%clk 0:55:11]} fxe6
{[%clk 0:39:17]} 18. Bxe4 {[%clk 0:52:40]} dxe4 {[%clk 0:39:37]} 19. Rxc8
{[%clk 0:52:25]} Rxc8 {[%clk 0:40:03]} 20. Qa4 {[%clk 0:51:35]} Qf5
{[%clk 0:24:21]} 21. Qxa7 {[%clk 0:41:33]} h5 {[%clk 0:23:39]} 22. Qxb7
{[%clk 0:34:03]} Rc2 {[%clk 0:22:13]} 23. Qa8+ {[%clk 0:22:49]} Kh7
{[%clk 0:19:22]} 24. b6 {[%clk 0:09:18]} Rxe2 {[%clk 0:19:20]} 25. b7
{[%clk 0:09:27]} Nf3+ {[%clk 0:18:53]} 26. Kg2 {[%clk 0:08:17]} Ne1+
{[%clk 0:19:17]} 0-1

[Event "WCO2014"]
[Site "Tromso"]
[Date "2014.08.09"]
[Round "7.37"]
[WhiteID "1308173"]
[White "Kurmann Oliver"]
[BlackID "405647"]
[Black "Hague Ben"]
[Result "1-0"]
[LiveChessVersion "1.4.3"]
[BlackElo "2320"]
[WhiteElo "2423"]

1. e4 {[%clk 1:30:57]} d5 {[%clk 1:30:44]} 2. exd5 {[%clk 1:31:11]} Qxd5
{[%clk 1:31:09]} 3. Nc3 {[%clk 1:31:24]} Qa5 {[%clk 1:31:32]} 4. d4
{[%clk 1:31:37]} Nf6 {[%clk 1:31:57]} 5. Nf3 {[%clk 1:31:33]} c6 {[%clk 1:32:09]}
6. Bc4 {[%clk 1:31:27]} Bf5 {[%clk 1:32:18]} 7. Bd2 {[%clk 1:31:46]} e6
{[%clk 1:32:19]} 8. Nd5 {[%clk 1:32:04]} Qd8 {[%clk 1:32:39]} 9. Nxf6+
{[%clk 1:32:29]} gxf6 {[%clk 1:32:52]} 10. O-O {[%clk 1:32:01]} Nd7
{[%clk 1:26:24]} 11. Nh4 {[%clk 1:32:06]} Bg6 {[%clk 1:25:59]} 12. c3
{[%clk 1:32:28]} Be7 {[%clk 1:19:59]} 13. g3 {[%clk 1:31:51]} Qc7
{[%clk 1:16:29]} 14. Re1 {[%clk 1:24:15]} O-O-O {[%clk 1:10:58]} 15. Qf3
{[%clk 1:20:21]} Rhg8 {[%clk 0:54:38]} 16. b4 {[%clk 1:05:45]} Nb6
{[%clk 0:44:07]} 17. Bb3 {[%clk 1:00:46]} Nd5 {[%clk 0:35:54]} 18. a4
{[%clk 1:00:12]} f5 {[%clk 0:34:10]} 19. Ng2 {[%clk 0:58:06]} Nf6
{[%clk 0:33:48]} 20. Nf4 {[%clk 0:54:26]} Ne4 {[%clk 0:30:51]} 21. Bc1
{[%clk 0:54:20]} Bg5 {[%clk 0:28:13]} 22. Kg2 {[%clk 0:42:02]} Bxf4
{[%clk 0:19:35]} 23. Bxf4 {[%clk 0:42:26]} Bh5 {[%clk 0:19:51]} 24. Qe3
{[%clk 0:42:47]} Qe7 {[%clk 0:19:34]} 25. f3 {[%clk 0:41:51]} Ng5
{[%clk 0:17:12]} 26. Rf1 {[%clk 0:38:58]} Nxf3 {[%clk 0:12:30]} 27. Rxf3
{[%clk 0:39:13]} Bxf3+ {[%clk 0:12:55]} 28. Kxf3 {[%clk 0:37:25]} h5
{[%clk 0:11:26]} 29. b5 {[%clk 0:28:42]} h4 {[%clk 0:10:46]} 30. Qe5
{[%clk 0:28:26]} Kd7 {[%clk 0:09:50]} 31. bxc6+ {[%clk 0:27:19]} bxc6
{[%clk 0:10:15]} 32. Qc7+ {[%clk 0:27:42]} Ke8 {[%clk 0:10:42]} 33. Qxc6+
{[%clk 0:28:00]} Rd7 {[%clk 0:10:59]} 34. a5 {[%clk 0:27:33]} e5 {[%clk 0:10:57]}
35. Bxe5 {[%clk 0:22:53]} Rg6 {[%clk 0:10:41]} 36. Qc4 {[%clk 0:14:39]} Kd8
{[%clk 0:06:27]} 37. Ba4 {[%clk 0:11:35]} Rb7 {[%clk 0:03:48]} 38. a6
{[%clk 0:11:38]} 1-0

[Event "WCO2014"]
[Site "Tromso"]
[Date "2014.08.09"]
[Round "7.21"]
[WhiteID "7200595"]
[White "Ziska Helgi Dam"]
[BlackID "8600694"]
[Black "Zhang Zhong"]
[Result "1/2-1/2"]
[LiveChessVersion "1.4.3"]
[BlackElo "2611"]
[WhiteElo "2507"]

1. e4 {[%clk 1:30:47]} e6 {[%clk 1:30:27]} 2. d4 {[%clk 1:30:50]} d5
{[%clk 1:30:51]} 3. Nd2 {[%clk 1:30:54]} c5 {[%clk 1:23:09]} 4. Ngf3
{[%clk 1:30:17]} a6 {[%clk 1:23:25]} 5. dxc5 {[%clk 1:13:16]} Bxc5
{[%clk 1:20:34]} 6. Bd3 {[%clk 1:13:13]} Nc6 {[%clk 1:19:04]} 7. exd5
{[%clk 1:07:11]} exd5 {[%clk 1:18:13]} 8. O-O {[%clk 1:04:01]} Nge7
{[%clk 1:16:58]} 9. Nb3 {[%clk 1:01:49]} Bd6 {[%clk 1:16:36]} 10. h3
{[%clk 0:58:49]} O-O {[%clk 1:14:21]} 11. Nbd4 {[%clk 0:53:58]} Bc7
{[%clk 1:05:41]} 12. Re1 {[%clk 0:44:34]} h6 {[%clk 1:00:38]} 13. Be3
{[%clk 0:41:08]} Qd6 {[%clk 0:59:20]} 14. c3 {[%clk 0:39:53]} Ng6
{[%clk 0:54:06]} 15. Bf1 {[%clk 0:33:51]} Bd7 {[%clk 0:46:28]} 16. Nxc6
{[%clk 0:29:35]} bxc6 {[%clk 0:44:11]} 17. b4 {[%clk 0:28:53]} Rfe8
{[%clk 0:41:59]} 18. Bc5 {[%clk 0:28:42]} Rxe1 {[%clk 0:39:54]} 19. Qxe1
{[%clk 0:29:10]} Qf6 {[%clk 0:40:18]} 20. Bd4 {[%clk 0:28:09]} Qf5
{[%clk 0:39:21]} 21. Qb1 {[%clk 0:23:54]} Qh5 {[%clk 0:36:12]} 22. Qd1
{[%clk 0:24:05]} Nf4 {[%clk 0:35:51]} 23. Ne1 {[%clk 0:14:21]} Qg6
{[%clk 0:23:49]} 24. Kh1 {[%clk 0:14:35]} Re8 {[%clk 0:23:00]} 25. Qf3
{[%clk 0:09:53]} Bf5 {[%clk 0:16:58]} 26. Qg3 {[%clk 0:08:08]} Qxg3
{[%clk 0:16:42]} 27. fxg3 {[%clk 0:08:36]} Ne2 {[%clk 0:17:04]} 28. g4
{[%clk 0:08:34]} Bg6 {[%clk 0:14:37]} 29. a4 {[%clk 0:07:19]} f5 {[%clk 0:09:28]}
30. gxf5 {[%clk 0:06:42]} Bxf5 {[%clk 0:09:49]} 31. Nf3 {[%clk 0:05:50]} Bd3
{[%clk 0:05:46]} 32. Bxe2 {[%clk 0:04:42]} Bxe2 {[%clk 0:06:11]} 33. Kg1
{[%clk 0:04:09]} Bxf3 {[%clk 0:01:31]} 34. gxf3 {[%clk 0:04:37]} Bd6
{[%clk 0:01:49]} 35. Kf2 {[%clk 0:02:08]} Kf7 {[%clk 0:00:54]} 36. Rg1
{[%clk 0:02:17]} g6 {[%clk 0:01:05]} 37. Rd1 {[%clk 0:01:29]} h5 {[%clk 0:00:56]}
38. Kf1 {[%clk 0:00:59]} Re7 {[%clk 0:00:38]} 39. Rb1 {[%clk 0:00:39]} Rb7
{[%clk 0:00:54]} 40. Ra1 {[%clk 0:00:32]} Rb8 {[%clk 0:00:54]} 41. Rd1
{[%clk 0:26:29]} Ke6 {[%clk 0:29:41]} 42. Re1+ {[%clk 0:25:59]} Kf5
{[%clk 0:30:00]} 43. a5 {[%clk 0:25:25]} g5 {[%clk 0:23:17]} 44. Re2
{[%clk 0:22:26]} Rc8 {[%clk 0:23:41]} 45. Kg2 {[%clk 0:22:14]} Rg8
{[%clk 0:24:07]} 46. Re1 {[%clk 0:22:17]} Rc8 {[%clk 0:20:18]} 47. Re2
{[%clk 0:22:28]} Ra8 {[%clk 0:20:44]} 48. Re1 {[%clk 0:22:31]} Rb8
{[%clk 0:21:10]} 49. Re2 {[%clk 0:22:32]} Rd8 {[%clk 0:21:24]} 50. Re1
{[%clk 0:22:31]} Ra8 {[%clk 0:21:50]} 51. Re2 {[%clk 0:22:47]} Rb8
{[%clk 0:22:17]} 52. Re1 {[%clk 0:21:52]} Rg8 {[%clk 0:20:29]} 53. Re2
{[%clk 0:21:43]} g4 {[%clk 0:16:34]} 54. fxg4+ {[%clk 0:16:01]} hxg4
{[%clk 0:17:01]} 55. hxg4+ {[%clk 0:15:42]} Rxg4+ {[%clk 0:14:14]} 56. Kf3
{[%clk 0:12:46]} Rf4+ {[%clk 0:13:51]} 57. Kg2 {[%clk 0:12:17]} Rg4+
{[%clk 0:12:13]} 58. Kf3 {[%clk 0:12:24]} Rg8 {[%clk 0:10:26]} 59. Re1
{[%clk 0:11:30]} Rg3+ {[%clk 0:09:20]} 60. Kf2 {[%clk 0:11:04]} Rg8
{[%clk 0:09:10]} 61. Kf3 {[%clk 0:09:41]} Rg3+ {[%clk 0:09:19]} 62. Kf2
{[%clk 0:10:10]} Rg8 {[%clk 0:09:45]} 63. Kf3 1/2-1/2

[Event "WCO2014"]
[Site "Tromso"]
[Date "2014.08.09"]
[Round "7.22"]
[WhiteID "5800706"]
[White "Goh Wei Ming Kevin"]
[BlackID "7200420"]
[Black "Berg Olaf"]
[Result "1-0"]
[LiveChessVersion "1.4.3"]
[BlackElo "2320"]
[WhiteElo "2433"]

1. e4 {[%clk 1:30:57]} c5 {[%clk 1:30:23]} 2. Nf3 {[%clk 1:31:22]} Nc6
{[%clk 1:30:36]} 3. Bb5 {[%clk 1:31:36]} g6 {[%clk 1:30:41]} 4. O-O
{[%clk 1:31:17]} Bg7 {[%clk 1:30:46]} 5. Nc3 {[%clk 1:30:52]} b6 {[%clk 1:23:55]}
6. Re1 {[%clk 1:23:43]} Bb7 {[%clk 1:13:56]} 7. d3 {[%clk 1:14:45]} Nd4
{[%clk 1:05:12]} 8. Nxd4 {[%clk 1:01:34]} cxd4 {[%clk 1:05:30]} 9. Ne2
{[%clk 1:01:50]} Bc6 {[%clk 0:57:14]} 10. Bc4 {[%clk 1:01:23]} d5
{[%clk 0:50:10]} 11. exd5 {[%clk 0:58:56]} Bxd5 {[%clk 0:50:18]} 12. Bb5+
{[%clk 0:43:33]} Kf8 {[%clk 0:50:38]} 13. Ng3 {[%clk 0:43:56]} Qc7
{[%clk 0:42:14]} 14. Bd2 {[%clk 0:39:52]} Be5 {[%clk 0:29:57]} 15. c3
{[%clk 0:33:34]} h5 {[%clk 0:16:01]} 16. Rc1 {[%clk 0:27:27]} Bxg3
{[%clk 0:03:15]} 17. fxg3 {[%clk 0:27:36]} Qc5 {[%clk 0:01:01]} 18. c4
{[%clk 0:27:32]} Bb7 {[%clk 0:01:12]} 19. Qe2 {[%clk 0:25:42]} Nf6
{[%clk 0:00:42]} 20. b4 {[%clk 0:22:30]} Qc7 {[%clk 0:01:06]} 21. Bf4
{[%clk 0:22:14]} Qd8 {[%clk 0:01:30]} 22. c5 {[%clk 0:21:36]} bxc5
{[%clk 0:01:22]} 23. bxc5 {[%clk 0:21:59]} Nd5 {[%clk 0:00:43]} 24. c6
{[%clk 0:21:55]} Nxf4 {[%clk 0:00:53]} 25. gxf4 {[%clk 0:22:15]} Bc8
{[%clk 0:01:10]} 26. c7 {[%clk 0:22:35]} Qd6 {[%clk 0:01:27]} 27. Qe4
{[%clk 0:22:38]} 1-0

[Event "WCO2014"]
[Site "Tromso"]
[Date "2014.08.09"]
[Round "7.23"]
[WhiteID "7200404"]
[White "Nielsen Hogni Egilstoft"]
[BlackID "8602425"]
[Black "Gong Qianyun"]
[Result "0-1"]
[LiveChessVersion "1.4.3"]
[BlackElo "2328"]
[WhiteElo "2256"]

1. e4 {[%clk 1:30:57]} e6 {[%clk 1:30:54]} 2. d4 {[%clk 1:31:06]} d5
{[%clk 1:31:19]} 3. Nd2 {[%clk 1:31:09]} h6 {[%clk 1:31:29]} 4. Ngf3
{[%clk 1:30:42]} Nf6 {[%clk 1:31:42]} 5. e5 {[%clk 1:27:26]} Nfd7
{[%clk 1:31:59]} 6. c3 {[%clk 1:23:59]} c5 {[%clk 1:32:20]} 7. Bd3
{[%clk 1:22:37]} Nc6 {[%clk 1:32:44]} 8. Qe2 {[%clk 1:20:13]} cxd4
{[%clk 1:19:20]} 9. cxd4 {[%clk 1:17:49]} Nb4 {[%clk 1:18:20]} 10. Bb1
{[%clk 0:48:29]} b6 {[%clk 1:15:36]} 11. O-O {[%clk 0:47:45]} Ba6
{[%clk 1:15:42]} 12. Qd1 {[%clk 0:46:44]} Bxf1 {[%clk 1:15:45]} 13. Nxf1
{[%clk 0:46:56]} Rc8 {[%clk 1:07:40]} 14. Bd2 {[%clk 0:40:45]} Nc6
{[%clk 0:56:47]} 15. Ng3 {[%clk 0:34:49]} g6 {[%clk 0:40:45]} 16. h4
{[%clk 0:28:49]} Bg7 {[%clk 0:36:29]} 17. h5 {[%clk 0:25:27]} g5 {[%clk 0:36:46]}
18. Be3 {[%clk 0:17:25]} Qe7 {[%clk 0:36:55]} 19. a3 {[%clk 0:16:16]} O-O
{[%clk 0:32:56]} 20. Qd3 {[%clk 0:07:45]} f5 {[%clk 0:32:47]} 21. exf6
{[%clk 0:07:58]} Bxf6 {[%clk 0:33:07]} 22. Nh2 {[%clk 0:06:48]} Qg7
{[%clk 0:31:31]} 23. Ng4 {[%clk 0:05:40]} Bxd4 {[%clk 0:29:46]} 24. Bxd4
{[%clk 0:05:19]} Nxd4 {[%clk 0:30:11]} 25. Nxh6+ {[%clk 0:01:01]} Qxh6
{[%clk 0:30:36]} 26. Qxd4 {[%clk 0:01:24]} Rc1+ {[%clk 0:30:52]} 27. Kh2
{[%clk 0:01:33]} Rf4 {[%clk 0:31:07]} 28. Bh7+ {[%clk 0:00:43]} Qxh7
{[%clk 0:31:28]} 0-1

[Event "WCO2014"]
[Site "Tromso"]
[Date "2014.08.09"]
[Round "7.24"]
[WhiteID "5804418"]
[White "Tin Jingyao"]
[BlackID "7200137"]
[Black "Nilssen John Arni"]
[Result "1-0"]
[LiveChessVersion "1.4.3"]
[BlackElo "2322"]
[WhiteElo "2251"]

1. d4 {[%clk 1:30:57]} Nf6 {[%clk 1:30:44]} 2. c4 {[%clk 1:31:17]} c6
{[%clk 1:30:57]} 3. Nf3 {[%clk 1:31:07]} d5 {[%clk 1:31:20]} 4. Nc3
{[%clk 1:31:26]} e6 {[%clk 1:31:41]} 5. Bg5 {[%clk 1:31:41]} Nbd7
{[%clk 1:32:04]} 6. e3 {[%clk 1:31:56]} Qa5 {[%clk 1:31:41]} 7. Nd2
{[%clk 1:32:13]} Bb4 {[%clk 1:31:28]} 8. Qc2 {[%clk 1:32:30]} O-O
{[%clk 1:30:50]} 9. Be2 {[%clk 1:32:12]} c5 {[%clk 1:23:08]} 10. Bxf6
{[%clk 1:29:08]} Nxf6 {[%clk 1:20:03]} 11. Nb3 {[%clk 1:26:18]} Bxc3+
{[%clk 1:06:10]} 12. bxc3 {[%clk 1:23:28]} Qa4 {[%clk 1:04:23]} 13. Rc1
{[%clk 1:18:46]} cxd4 {[%clk 0:48:45]} 14. cxd4 {[%clk 1:18:47]} dxc4
{[%clk 0:47:44]} 15. Qxc4 {[%clk 1:13:14]} Qxc4 {[%clk 0:41:05]} 16. Rxc4
{[%clk 1:06:46]} b6 {[%clk 0:30:03]} 17. Rc2 {[%clk 0:58:17]} Bb7
{[%clk 0:26:50]} 18. f3 {[%clk 0:57:36]} Nd5 {[%clk 0:20:07]} 19. Kd2
{[%clk 0:54:13]} Rfd8 {[%clk 0:19:21]} 20. e4 {[%clk 0:51:09]} Nf6
{[%clk 0:15:03]} 21. Rc7 {[%clk 0:48:52]} Rab8 {[%clk 0:15:25]} 22. Bb5
{[%clk 0:44:17]} Kf8 {[%clk 0:15:36]} 23. Rhc1 {[%clk 0:42:27]} Ne8
{[%clk 0:15:27]} 24. Bxe8 {[%clk 0:38:41]} Kxe8 {[%clk 0:15:51]} 25. Ke3
{[%clk 0:38:50]} Rd7 {[%clk 0:16:01]} 26. R7c4 {[%clk 0:35:03]} Kd8
{[%clk 0:15:28]} 27. Ra4 {[%clk 0:34:40]} a5 {[%clk 0:12:59]} 28. Rac4
{[%clk 0:33:44]} Rd6 {[%clk 0:07:26]} 29. Nd2 {[%clk 0:31:48]} Rc8
{[%clk 0:05:40]} 30. Rxc8+ {[%clk 0:30:40]} Bxc8 {[%clk 0:06:05]} 31. e5
{[%clk 0:29:36]} Rd7 {[%clk 0:03:58]} 32. Ne4 {[%clk 0:27:44]} Rc7
{[%clk 0:02:01]} 33. Rxc7 {[%clk 0:27:33]} Kxc7 {[%clk 0:02:25]} 34. Nd6
{[%clk 0:27:08]} Bb7 {[%clk 0:02:48]} 35. Nxf7 {[%clk 0:25:09]} Bd5
{[%clk 0:03:11]} 36. a3 {[%clk 0:25:14]} b5 {[%clk 0:02:09]} 37. Kd3
{[%clk 0:24:50]} b4 {[%clk 0:01:53]} 38. axb4 {[%clk 0:25:12]} axb4
{[%clk 0:02:18]} 39. Nd6 {[%clk 0:19:58]} Kd7 {[%clk 0:02:41]} 40. h4
{[%clk 0:19:21]} h6 {[%clk 0:02:41]} 41. Nc4 {[%clk 0:19:10]} g5 {[%clk 0:14:55]}
42. Ne3 {[%clk 0:48:59]} Kc6 {[%clk 0:14:56]} 43. h5 {[%clk 0:48:00]} Bb3
{[%clk 0:15:04]} 44. Ng4 {[%clk 0:43:46]} Kb5 {[%clk 0:08:27]} 45. Nxh6
{[%clk 0:42:44]} Ka4 {[%clk 0:08:49]} 46. Ng4 {[%clk 0:42:18]} Ba2
{[%clk 0:08:54]} 47. Ne3 {[%clk 0:42:19]} Bb1+ {[%clk 0:04:06]} 48. Kd2
{[%clk 0:41:51]} Kb5 {[%clk 0:03:43]} 49. Nc2 {[%clk 0:41:05]} 1-0

[Event "WCO2014"]
[Site "Tromso"]
[Date "2014.08.09"]
[Round "7.36"]
[WhiteID "13900463"]
[White "Svetushkin Dmitry"]
[BlackID "3400042"]
[Black "Vasquez Schroeder Rodrigo"]
[Result "1-0"]
[LiveChessVersion "1.4.3"]
[BlackElo "2533"]
[WhiteElo "2547"]

1. e4 {[%clk 1:29:56]} c5 {[%clk 1:30:55]} 2. Nf3 {[%clk 1:30:20]} d6
{[%clk 1:31:21]} 3. d4 {[%clk 1:30:44]} cxd4 {[%clk 1:31:46]} 4. Nxd4
{[%clk 1:31:07]} Nf6 {[%clk 1:32:12]} 5. Nc3 {[%clk 1:31:29]} a6 {[%clk 1:32:40]}
6. Be3 {[%clk 1:31:25]} e6 {[%clk 1:33:04]} 7. f3 {[%clk 1:31:51]} b5
{[%clk 1:33:27]} 8. Qd2 {[%clk 1:32:17]} Nbd7 {[%clk 1:33:43]} 9. g4
{[%clk 1:32:37]} h6 {[%clk 1:34:04]} 10. O-O-O {[%clk 1:32:50]} b4
{[%clk 1:34:12]} 11. Nce2 {[%clk 1:33:11]} Qc7 {[%clk 1:34:20]} 12. Bg2
{[%clk 1:33:33]} d5 {[%clk 1:24:02]} 13. exd5 {[%clk 1:33:36]} Nxd5
{[%clk 1:24:25]} 14. Nf4 {[%clk 1:33:57]} Bb7 {[%clk 0:39:43]} 15. Nxd5
{[%clk 1:28:52]} Bxd5 {[%clk 0:40:07]} 16. f4 {[%clk 1:29:17]} Qb7
{[%clk 0:38:45]} 17. Bxd5 {[%clk 1:18:57]} Qxd5 {[%clk 0:39:09]} 18. Kb1
{[%clk 1:18:52]} Nf6 {[%clk 0:32:33]} 19. Qe2 {[%clk 1:13:31]} Qe4
{[%clk 0:30:36]} 20. Rhe1 {[%clk 1:01:10]} Be7 {[%clk 0:26:08]} 21. Qf1
{[%clk 1:00:57]} O-O {[%clk 0:20:52]} 22. Bc1 {[%clk 0:58:09]} Qb7
{[%clk 0:17:53]} 23. g5 {[%clk 0:56:57]} hxg5 {[%clk 0:17:53]} 24. fxg5
{[%clk 0:57:23]} Nd5 {[%clk 0:18:18]} 25. Qh3 {[%clk 0:53:50]} g6
{[%clk 0:13:45]} 26. Nxe6 {[%clk 0:47:16]} Nc3+ {[%clk 0:13:50]} 27. Ka1
{[%clk 0:47:28]} Nxd1 {[%clk 0:13:49]} 28. Qh6 {[%clk 0:46:20]} fxe6
{[%clk 0:05:43]} 29. Qxg6+ {[%clk 0:46:37]} Kh8 {[%clk 0:06:11]} 30. Qh6+
{[%clk 0:32:27]} Kg8 {[%clk 0:06:40]} 31. Qxe6+ {[%clk 0:32:44]} Kg7
{[%clk 0:06:44]} 32. Qh6+ {[%clk 0:31:34]} Kg8 {[%clk 0:06:50]} 33. Qg6+
{[%clk 0:28:39]} Kh8 {[%clk 0:07:20]} 34. Re4 {[%clk 0:24:00]} Qxe4
{[%clk 0:06:27]} 35. Qxe4 {[%clk 0:24:23]} Rae8 {[%clk 0:02:25]} 36. Qd4+
{[%clk 0:24:10]} Kh7 {[%clk 0:02:32]} 37. Qxd1 {[%clk 0:24:25]} Bd8
{[%clk 0:01:46]} 38. b3 {[%clk 0:21:43]} Kg6 {[%clk 0:02:01]} 39. h4
{[%clk 0:21:26]} Rh8 {[%clk 0:02:30]} 40. h5+ {[%clk 0:14:46]} Rxh5
{[%clk 0:02:38]} 41. Qd3+ {[%clk 0:15:09]} Kg7 {[%clk 0:02:20]} 42. Bb2+
{[%clk 0:13:50]} Kf8 {[%clk 0:02:49]} 43. Qf5+ {[%clk 0:08:44]} Ke7
{[%clk 0:03:03]} 44. Bf6+ {[%clk 0:08:53]} Kd6 {[%clk 0:03:30]} 45. Qf4+
{[%clk 0:09:12]} 1-0

[Event "WCO2014"]
[Site "Tromso"]
[Date "2014.08.09"]
[Round "7.35"]
[WhiteID "3408027"]
[White "Flores Rios Mauricio"]
[BlackID "13902393"]
[Black "Hamitevici Vladimir"]
[Result "1-0"]
[LiveChessVersion "1.4.3"]
[BlackElo "2467"]
[WhiteElo "2537"]

1. d4 {[%clk 1:30:57]} Nf6 {[%clk 1:30:53]} 2. c4 {[%clk 1:31:25]} c5
{[%clk 1:31:10]} 3. Nf3 {[%clk 1:31:51]} cxd4 {[%clk 1:31:28]} 4. Nxd4
{[%clk 1:32:17]} e6 {[%clk 1:31:44]} 5. Nc3 {[%clk 1:30:46]} a6 {[%clk 1:30:10]}
6. e4 {[%clk 1:31:11]} Qc7 {[%clk 1:30:00]} 7. a3 {[%clk 1:31:27]} b6
{[%clk 1:29:14]} 8. Be3 {[%clk 1:31:49]} Bb7 {[%clk 1:28:42]} 9. f3
{[%clk 1:32:17]} d6 {[%clk 1:27:13]} 10. Be2 {[%clk 1:32:29]} Be7
{[%clk 1:27:09]} 11. O-O {[%clk 1:32:51]} O-O {[%clk 1:27:16]} 12. Qd2
{[%clk 1:27:29]} Rc8 {[%clk 1:17:05]} 13. Rfc1 {[%clk 1:25:14]} Qd8
{[%clk 1:14:28]} 14. Rc2 {[%clk 1:16:38]} Nbd7 {[%clk 1:12:20]} 15. Rd1
{[%clk 1:09:02]} Ne5 {[%clk 1:10:26]} 16. Na4 {[%clk 1:08:36]} Rab8
{[%clk 1:03:52]} 17. b4 {[%clk 1:03:23]} Ba8 {[%clk 1:00:13]} 18. Nb3
{[%clk 0:58:16]} h6 {[%clk 0:42:30]} 19. Qe1 {[%clk 0:43:13]} Nfd7
{[%clk 0:37:00]} 20. Rc3 {[%clk 0:39:20]} Qf8 {[%clk 0:21:26]} 21. Qf2
{[%clk 0:31:59]} b5 {[%clk 0:18:34]} 22. cxb5 {[%clk 0:28:40]} axb5
{[%clk 0:18:37]} 23. Rxc8 {[%clk 0:28:48]} Qxc8 {[%clk 0:18:54]} 24. Rc1
{[%clk 0:27:48]} Qa6 {[%clk 0:14:26]} 25. Na5 {[%clk 0:25:08]} Nc6
{[%clk 0:12:17]} 26. Nb6 {[%clk 0:23:00]} Rxb6 {[%clk 0:05:35]} 27. Bxb6
{[%clk 0:23:11]} Nxb6 {[%clk 0:05:57]} 28. Nxc6 {[%clk 0:22:03]} Bg5
{[%clk 0:06:23]} 29. f4 {[%clk 0:21:45]} Qxa3 {[%clk 0:05:54]} 30. Rf1
{[%clk 0:21:20]} Bf6 {[%clk 0:05:02]} 31. Qxb6 {[%clk 0:18:22]} Bxc6
{[%clk 0:05:26]} 32. e5 {[%clk 0:18:03]} Bh4 {[%clk 0:03:43]} 33. exd6
{[%clk 0:16:11]} Qc3 {[%clk 0:03:26]} 34. Qc5 {[%clk 0:14:12]} Qd2
{[%clk 0:02:46]} 35. Qxc6 {[%clk 0:13:10]} Qe3+ {[%clk 0:03:15]} 36. Kh1
{[%clk 0:13:27]} Qxe2 {[%clk 0:03:42]} 37. Qf3 {[%clk 0:13:36]} Qc4
{[%clk 0:03:55]} 38. Rd1 {[%clk 0:11:58]} Qxb4 {[%clk 0:04:16]} 39. Qa8+
{[%clk 0:11:51]} Kh7 {[%clk 0:04:45]} 40. d7 {[%clk 0:12:08]} Qxf4
{[%clk 0:04:56]} 41. d8=Q {[%clk 0:12:03]} Bxd8 {[%clk 0:05:21]} 42. Qxd8
{[%clk 0:12:27]} h5 {[%clk 0:03:46]} 43. Qd3+ {[%clk 0:12:51]} f5
{[%clk 0:04:12]} 44. Qe2 {[%clk 0:12:39]} 1-0

[Event "WCO2014"]
[Site "Tromso"]
[Date "2014.08.09"]
[Round "7.34"]
[WhiteID "13904906"]
[White "Cerbulenco Liviu"]
[BlackID "3409350"]
[Black "Henriquez Villagra Cristobal"]
[Result "0-1"]
[LiveChessVersion "1.4.3"]
[BlackElo "2457"]
[WhiteElo "2203"]

1. e4 {[%clk 1:30:56]} e5 {[%clk 1:30:28]} 2. Nf3 {[%clk 1:31:14]} Nc6
{[%clk 1:30:51]} 3. Bb5 {[%clk 1:31:33]} a6 {[%clk 1:30:17]} 4. Ba4
{[%clk 1:31:53]} g6 {[%clk 1:30:37]} 5. d4 {[%clk 1:29:47]} exd4 {[%clk 1:30:15]}
6. Nxd4 {[%clk 1:29:54]} Bg7 {[%clk 1:30:24]} 7. Be3 {[%clk 1:24:41]} Nge7
{[%clk 1:29:31]} 8. Nc3 {[%clk 1:21:11]} O-O {[%clk 1:27:15]} 9. Nxc6
{[%clk 1:14:51]} Nxc6 {[%clk 1:21:32]} 10. Qd2 {[%clk 1:14:31]} d6
{[%clk 1:14:44]} 11. Bh6 {[%clk 1:06:27]} Be6 {[%clk 1:07:40]} 12. Bxg7
{[%clk 1:03:10]} Kxg7 {[%clk 1:08:05]} 13. Bxc6 {[%clk 0:55:18]} bxc6
{[%clk 1:08:25]} 14. Qd4+ {[%clk 0:55:09]} Kg8 {[%clk 1:07:46]} 15. h4
{[%clk 0:51:57]} c5 {[%clk 0:58:07]} 16. Qe3 {[%clk 0:51:43]} Qf6
{[%clk 0:58:10]} 17. h5 {[%clk 0:48:37]} Qd4 {[%clk 0:45:49]} 18. Qxd4
{[%clk 0:34:30]} cxd4 {[%clk 0:46:17]} 19. Ne2 {[%clk 0:34:38]} c5
{[%clk 0:46:09]} 20. O-O-O {[%clk 0:33:32]} Rab8 {[%clk 0:44:49]} 21. b3
{[%clk 0:31:36]} a5 {[%clk 0:44:05]} 22. Nf4 {[%clk 0:28:49]} g5 {[%clk 0:41:30]}
23. Nd3 {[%clk 0:28:25]} a4 {[%clk 0:40:16]} 24. e5 {[%clk 0:23:03]} dxe5
{[%clk 0:28:26]} 25. Nxe5 {[%clk 0:23:10]} f6 {[%clk 0:28:27]} 26. Nd3
{[%clk 0:22:54]} Rfc8 {[%clk 0:25:15]} 27. f4 {[%clk 0:16:59]} g4
{[%clk 0:19:14]} 28. f5 {[%clk 0:16:33]} Bxf5 {[%clk 0:16:23]} 29. Rhf1
{[%clk 0:16:50]} axb3 {[%clk 0:14:15]} 30. axb3 {[%clk 0:16:26]} Bxd3
{[%clk 0:13:21]} 31. Rxd3 {[%clk 0:16:47]} Kf7 {[%clk 0:13:15]} 32. Rf4
{[%clk 0:13:22]} Rg8 {[%clk 0:10:53]} 33. Rf5 {[%clk 0:10:58]} Rg5
{[%clk 0:08:46]} 34. Rxg5 {[%clk 0:09:00]} fxg5 {[%clk 0:09:15]} 35. Rd1
{[%clk 0:08:22]} Kg7 {[%clk 0:07:18]} 36. Rf1 {[%clk 0:04:41]} Kh6
{[%clk 0:06:23]} 37. Kd2 {[%clk 0:01:38]} Kxh5 {[%clk 0:05:48]} 38. Rf7
{[%clk 0:01:13]} h6 {[%clk 0:03:20]} 39. Rc7 {[%clk 0:01:06]} Kh4
{[%clk 0:03:43]} 40. Rc6 {[%clk 0:00:59]} Kg3 {[%clk 0:02:20]} 41. Rxh6
{[%clk 0:01:19]} Re8 {[%clk 0:00:41]} 42. b4 {[%clk 0:30:27]} cxb4
{[%clk 0:31:33]} 43. Rg6 {[%clk 0:27:30]} Kxg2 {[%clk 0:30:34]} 44. Rxg5
{[%clk 0:27:31]} Re4 {[%clk 0:30:57]} 45. Kd3 {[%clk 0:27:33]} Rf4
{[%clk 0:31:18]} 0-1